[Event "TCh-FRA Top 12 2016"]
[Site "Drancy FRA"]
[Date "2016.05.31"]
[Round "4.5"]
[Board "6"]
[White "Babault, Patrice"]
[Black "Delorme, Axel"]
[Result "1/2-1/2"]
[WhiteTitle "FM"]
[BlackTitle "IM"]
[WhiteElo "2412"]
[BlackElo "2502"]
[WhiteTeam "NICE Alekhine"]
[BlackTeam "CLICHY Echecs 92"]
[WhiteFideId "623822"]
[BlackFideId "632023"]
[EventDate "2016.05.28"]

1. e4 e5 2. Nf3 Nc6 3. Bb5 a6 4. Ba4 Nf6 5. O-O Be7 6. Re1 b5 7. Bb3 d6 8. c3
O-O 9. h3 Na5 10. Bc2 c5 11. d4 Nd7 12. a4 b4 13. cxb4 cxb4 14. Nbd2 exd4 15.
Nxd4 Bf6 16. N2b3 Nxb3 17. Bxb3 Bb7 18. Nf5 Nc5 19. Bd5 Kh8 20. Bxb7 Nxb7 21.
Qd5 Qd7 22. Re2 Rac8 23. Be3 Qc6 24. Qd3 Qc4 25. Rd1 Rfd8 26. Bd4 Qxd3 27. Rxd3
Rc1+ 28. Kh2 Be5+ 29. g3 h5 30. Kg2 Rdc8 31. Bxe5 1/2-1/2

[Event "TCh-FRA Top 12 2016"]
[Site "Drancy FRA"]
[Date "2016.05.31"]
[Round "4.5"]
[Board "7"]
[White "Hamdouchi, Hicham"]
[Black "Collas, Silvia"]
[Result "1-0"]
[WhiteTitle "GM"]
[BlackTitle "IM"]
[WhiteElo "2585"]
[BlackElo "2308"]
[WhiteTeam "CLICHY Echecs 92"]
[BlackTeam "NICE Alekhine"]
[WhiteFideId "9000011"]
[BlackFideId "2902265"]
[EventDate "2016.05.28"]

1. e4 c5 2. Nf3 e6 3. d4 cxd4 4. Nxd4 Nc6 5. Nc3 Qc7 6. g3 Nf6 7. Ndb5 Qb8 8.
Bf4 Ne5 9. Be2 a6 10. Qd4 d6 11. O-O-O axb5 12. Bxe5 Bd7 13. Bxf6 gxf6 14. Qxf6
Rg8 15. Bh5 Rg7 16. a3 Qd8 17. Qxd8+ Kxd8 18. f4 Ra5 19. Be2 Kc7 20. Rd3 Bc6 21.
Rhd1 Be7 22. Bf3 Kb6 23. Re1 Bf8 24. Na2 Ra4 25. Nb4 h6 26. c3 Ra8 27. Kd2 Rh7
28. Bh5 Rc8 29. Rde3 Rc7 30. Rf1 Be7 31. Bd1 h5 32. h4 Bf8 33. Ke1 Rd7 34. Bb3
Bg7 35. Kf2 Rh8 36. Rd1 Rdd8 37. Kg2 Bh6 38. Kh2 Kc7 39. Rf1 Rde8 40. Re2 Bg7
41. f5 Kd7 42. Nd3 Rh6 43. Ree1 Bh8 44. e5 Bg7 45. fxe6+ fxe6 46. exd6 Kxd6 47.
Nf4 Be5 48. Re3 Bxf4 49. Rxf4 e5 50. Rf5 Re7 51. Bd1 Be8 52. Bf3 b6 53. Kg2 Ree6
54. Kf2 Re7 55. Be4 Bd7 56. Rf8 Rg7 57. Bf3 Re7 58. Bg2 Kc5 59. Rd3 Kc4 60. Rd2
Be6 61. Rd6 Kb3 62. Rxb6 Kxb2 63. Rxb5+ Kxc3 64. Rxe5 Ra7 65. Re3+ Kd4 66. Rd8+
Kc5 67. Rc3+ Kb5 68. Rb8+ Ka5 69. Rb4 Rf7+ 70. Kg1 Rf5 71. Rc6 Rhf6 72. Rf4 Rxf4
73. gxf4 Rxf4 74. Rxe6 Rxh4 75. Bc6 Rc4 76. a4 h4 77. Bb5 Rc2 78. Ra6+ Kb4 79.
Rh6 Ka5 80. Rxh4 Kb6 81. Kf1 Ka7 82. a5 Rc5 83. Rb4 Rc2 84. Bd3 Rh2 85. Rf4 Ra2
86. Rf7+ Kb8 87. a6 Ra5 88. Ke2 Re5+ 89. Kd2 Ka8 90. Kc3 Re8 91. Bc4 Rd8 92. Be2 1-0

[Event "TCh-FRA Top 12 2016"]
[Site "Drancy FRA"]
[Date "2016.05.31"]
[Round "4.5"]
[Board "8"]
[White "Djalal, Boris"]
[Black "Skripchenko, Almira"]
[Result "1-0"]
[BlackTitle "IM"]
[WhiteElo "2224"]
[BlackElo "2453"]
[WhiteTeam "NICE Alekhine"]
[BlackTeam "CLICHY Echecs 92"]
[WhiteFideId "623644"]
[BlackFideId "13900145"]
[EventDate "2016.05.28"]

1. d4 Nf6 2. Bg5 d5 3. e3 c5 4. Bxf6 gxf6 5. dxc5 e6 6. Nf3 Bxc5 7. Be2 Nc6 8.
O-O Bb6 9. c4 d4 10. exd4 Nxd4 11. Nc3 O-O 12. Nxd4 Qxd4 13. Qc2 f5 14. Rad1 Qf4
15. g3 Qg5 16. Bf3 Rb8 17. b4 a6 18. c5 Bc7 19. Rfe1 Qg7 20. a3 Be5 21. Na4 Bc7
22. Nb6 Bxb6 23. cxb6 Ra8 24. Qc5 f6 25. Rd6 f4 26. Red1 e5 27. Rd8 Bh3 28. Qc7
Rc8 29. Rxc8 Bxc8 30. Qxg7+ Kxg7 31. gxf4 exf4 32. h4 h5 33. Rd4 Re8 34. Rxf4
Re1+ 35. Kg2 Rc1 36. a4 Kg6 37. a5 Rc3 38. Be4+ f5 39. Bf3 Kf6 40. Rd4 Ke6 41.
Kg3 Rc2 42. Rd5 Rb2 43. Rc5 f4+ 44. Kg2 Bd7 45. Bxb7 Rxb4 46. Bf3 Rb1 47. Rxh5
Bb5 48. b7 Bf1+ 49. Kh2 Kd6 50. Rh8 1-0

[Event "TCh-FRA Top 12 2016"]
[Site "Drancy FRA"]
[Date "2016.05.31"]
[Round "4.6"]
[Board "1"]
[White "Fier, Alexandr"]
[Black "Navara, David"]
[Result "1/2-1/2"]
[WhiteTitle "GM"]
[BlackTitle "GM"]
[WhiteElo "2624"]
[BlackElo "2735"]
[WhiteTeam "Echecs Club MONTPELLIER"]
[BlackTeam "MULHOUSE Philidor"]
[WhiteFideId "2107139"]
[BlackFideId "309095"]
[EventDate "2016.05.28"]

1. d4 Nf6 2. c4 e6 3. Nc3 Bb4 4. f3 c5 5. d5 b5 6. e4 O-O 7. e5 exd5 8. exf6 d4
9. a3 Ba5 10. b4 dxc3 11. bxa5 Re8+ 12. Kf2 Qxf6 13. Qd5 c2 14. Ra2 Bb7 15. Qd2
bxc4 16. Rxc2 d5 17. Bb2 d4 18. Bxc4 Nd7 19. Bb5 Ne5 20. Rxc5 Ng4+ 21. Kg3 Ne3
22. Nh3 Re5 23. Rxe5 Qxe5+ 24. Kf2 Qxb5 25. Qxd4 Nf5 26. Qb4 1/2-1/2

[Event "TCh-FRA Top 12 2016"]
[Site "Drancy FRA"]
[Date "2016.05.31"]
[Round "4.6"]
[Board "2"]
[White "Heimann, Andreas"]
[Black "Smith, Axel"]
[Result "1/2-1/2"]
[WhiteTitle "IM"]
[BlackTitle "GM"]
[WhiteElo "2578"]
[BlackElo "2499"]
[WhiteTeam "MULHOUSE Philidor"]
[BlackTeam "Echecs Club MONTPELLIER"]
[WhiteFideId "24624632"]
[BlackFideId "1707930"]
[EventDate "2016.05.28"]

1. Nf3 d5 2. d4 Bf5 3. c4 e6 4. Nc3 c6 5. e3 Nd7 6. Be2 h6 7. O-O Ngf6 8. Bd3
Bxd3 9. Qxd3 Bd6 10. e4 dxe4 11. Nxe4 Nxe4 12. Qxe4 O-O 13. Rd1 Qe7 14. Bf4 Rad8
15. Bxd6 Qxd6 16. Qc2 Qc7 17. Qc3 c5 18. b3 Nf6 19. dxc5 Qxc5 20. Qe1 Qc7 21.
Ne5 Rxd1 22. Rxd1 Rd8 23. Rxd8+ Qxd8 24. g3 Qd4 25. Qe2 Kf8 26. Kg2 Qe4+ 27.
Qxe4 Nxe4 28. Kf3 Nc3 29. a4 f6 30. Nd3 Ke7 31. Ke3 Kd6 32. Kd4 Ne2+ 33. Ke3 Nc3
34. Kd4 Ne2+ 35. Ke3 1/2-1/2

[Event "TCh-FRA Top 12 2016"]
[Site "Drancy FRA"]
[Date "2016.05.31"]
[Round "4.6"]
[Board "3"]
[White "Libiszewski, Fabien"]
[Black "Istratescu, Andrei"]
[Result "1/2-1/2"]
[WhiteTitle "GM"]
[BlackTitle "GM"]
[WhiteElo "2533"]
[BlackElo "2592"]
[WhiteTeam "Echecs Club MONTPELLIER"]
[BlackTeam "MULHOUSE Philidor"]
[WhiteFideId "616834"]
[BlackFideId "1200372"]
[EventDate "2016.05.28"]

1. e4 e5 2. Nf3 Nf6 3. Nxe5 d6 4. Nf3 Nxe4 5. Nc3 Nf6 6. d4 Be7 7. h3 Nbd7 8.
Bd3 O-O 9. O-O Re8 10. Re1 c6 11. Ne2 1/2-1/2

[Event "TCh-FRA Top 12 2016"]
[Site "Drancy FRA"]
[Date "2016.05.31"]
[Round "4.6"]
[Board "4"]
[White "Bluebaum, Matthias"]
[Black "Mista, Aleksander"]
[Result "1-0"]
[WhiteTitle "GM"]
[BlackTitle "GM"]
[WhiteElo "2633"]
[BlackElo "2593"]
[WhiteTeam "MULHOUSE Philidor"]
[BlackTeam "Echecs Club MONTPELLIER"]
[WhiteFideId "24651516"]
[BlackFideId "1110381"]
[EventDate "2016.05.28"]

1. d4 Nf6 2. c4 g6 3. Nc3 d5 4. Bg5 Bg7 5. Bxf6 Bxf6 6. cxd5 c6 7. e4 O-O 8. e5
Bg7 9. Bc4 b5 10. Bb3 b4 11. Nce2 cxd5 12. h4 Nc6 13. h5 e6 14. Nf3 Ba6 15. Bc2
Qb6 16. Bd3 Ne7 17. Qd2 Bxd3 18. Qxd3 Rac8 19. Ng5 h6 20. Nh3 Qc6 21. hxg6 fxg6
22. Nhf4 g5 23. Ng6 Rf7 24. Nxe7+ Rxe7 25. Kd2 g4 26. Rac1 Qe8 27. Rxc8 Qxc8 28.
Rh4 Qf8 29. Ke1 Qe8 30. Rxg4 Qh5 31. f3 Rc7 32. Kf2 a5 33. Nf4 Qf7 34. Kg3 a4
35. Rg6 Re7 36. Nh5 Qf8 37. Kh2 Qd8 38. f4 Rf7 39. Qg3 Qe7 40. Rxg7+ Rxg7 41.
Qxg7+ 1-0

[Event "TCh-FRA Top 12 2016"]
[Site "Drancy FRA"]
[Date "2016.05.31"]
[Round "4.6"]
[Board "6"]
[White "Sokolov, Andrei1"]
[Black "Brochet, Philippe"]
[Result "1-0"]
[WhiteTitle "GM"]
[BlackTitle "IM"]
[WhiteElo "2528"]
[BlackElo "2379"]
[WhiteTeam "MULHOUSE Philidor"]
[BlackTeam "Echecs Club MONTPELLIER"]
[WhiteFideId "627089"]
[BlackFideId "602469"]
[EventDate "2016.05.28"]

1. e4 c5 2. Nf3 d6 3. d4 Nf6 4. Nc3 cxd4 5. Nxd4 Nc6 6. Bc4 Bd7 7. O-O g6 8. h3
Bg7 9. Be3 O-O 10. Bb3 Na5 11. Re1 Rc8 12. Qd3 a6 13. Rad1 Nxb3 14. axb3 Bc6 15.
Nxc6 Rxc6 16. e5 Nd7 17. exd6 Rxd6 18. Qe4 Bxc3 19. bxc3 Nc5 20. Rxd6 Qxd6 21.
Qd4 Ne6 22. Qxd6 exd6 23. Rd1 Rd8 24. c4 Kf8 25. Bb6 Rd7 26. h4 h5 27. g3 Ke7
28. Kg2 Nc7 29. f3 Na8 30. Ba5 b6 31. Bb4 Nc7 32. g4 hxg4 33. fxg4 Ne6 34. Kf3
Rd8 35. h5 gxh5 36. gxh5 Nc5 37. h6 Rh8 38. Rh1 Ne6 39. Ke4 f6 40. Bd2 Kf7 41.
Kd5 b5 42. cxb5 axb5 43. Bb4 Ng5 44. Bxd6 Kg6 45. c4 bxc4 46. bxc4 Nf7 47. c5
Nxh6 48. c6 Rc8 49. c7 Nf7 50. Rb1 f5 51. Rb8 Nxd6 52. Kxd6 Rxc7 53. Kxc7 Kg5
54. Kd6 1-0

[Event "TCh-FRA Top 12 2016"]
[Site "Drancy FRA"]
[Date "2016.05.31"]
[Round "4.6"]
[Board "7"]
[White "Touzane, Olivier"]
[Black "Riff, Jean-Noel"]
[Result "0-1"]
[WhiteTitle "IM"]
[BlackTitle "GM"]
[WhiteElo "2308"]
[BlackElo "2506"]
[WhiteTeam "Echecs Club MONTPELLIER"]
[BlackTeam "MULHOUSE Philidor"]
[WhiteFideId "602906"]
[BlackFideId "611190"]
[EventDate "2016.05.28"]

1. g3 c5 2. Bg2 Nc6 3. Nf3 e5 4. d3 g6 5. c4 Bg7 6. Nc3 Nge7 7. O-O O-O 8. a3 d6
9. Rb1 a5 10. Ne1 Be6 11. Nd5 Rb8 12. b3 b5 13. Bb2 Qd7 14. f4 Nf5 15. e4 Nfd4
16. Ne3 exf4 17. gxf4 f5 18. exf5 Nxf5 19. Nxf5 Bxf5 20. Bxg7 Kxg7 21. Bxc6 Qxc6
22. Rb2 Rbe8 23. d4 Re4 24. d5 Qe8 25. cxb5 Qxb5 26. Qc1 Rfe8 27. Nf3 Qd3 28.
Ng5 Re2 29. Rxe2 Rxe2 30. Qa1+ Kg8 31. Rf3 Qd2 32. Qf6 0-1

[Event "TCh-FRA Top 12 2016"]
[Site "Drancy FRA"]
[Date "2016.05.31"]
[Round "4.6"]
[Board "8"]
[White "Choisy, Mathilde"]
[Black "Haussernot, Cecile"]
[Result "1/2-1/2"]
[WhiteTitle "WFM"]
[BlackTitle "WFM"]
[WhiteElo "2181"]
[BlackElo "2087"]
[WhiteTeam "MULHOUSE Philidor"]
[BlackTeam "Echecs Club MONTPELLIER"]
[WhiteFideId "634565"]
[BlackFideId "601632"]
[EventDate "2016.05.28"]

1. e4 Nc6 2. Nf3 f5 3. exf5 d5 4. d4 Bxf5 5. Bd3 Qd7 6. c3 g6 7. Bf4 Bg7 8. Bxf5
gxf5 9. Ne5 Nxe5 10. Bxe5 Qe6 11. Qh5+ Kd7 12. O-O Bxe5 13. dxe5 Qxe5 14. Nd2
Nf6 15. Qd1 Rhg8 16. Re1 Qd6 17. Qf3 e6 18. c4 d4 19. Nb3 Rg4 20. Rad1 Rag8 21.
Rxd4 Rxd4 22. Nxd4 Ng4 23. g3 Kc8 24. Nxe6 Qd2 25. Qe2 Qa5 26. Nc5 Rd8 27. Qe6+
Kb8 28. Qe7 Qd2 29. Qe2 Qd6 30. Nb3 a6 31. Qe7 Qd3 32. Qe2 Qd6 33. Qe7 Qd3 34.
Qe2 Qd6 1/2-1/2

[Event "TCh-FRA Top 12 2016"]
[Site "Drancy FRA"]
[Date "2016.06.01"]
[Round "5.1"]
[Board "1"]
[White "Petkov, Vladimir"]
[Black "Hammer, Jon Ludvig"]
[Result "1/2-1/2"]
[WhiteTitle "GM"]
[BlackTitle "GM"]
[WhiteElo "2493"]
[BlackElo "2689"]
[WhiteTeam "Cavalier Bleu DRANCY"]
[BlackTeam "CLICHY Echecs 92"]
[WhiteFideId "2901188"]
[BlackFideId "1503707"]
[EventDate "2016.05.28"]

1. Nf3 d5 2. g3 g6 3. Bg2 Bg7 4. O-O e5 5. d3 Ne7 6. e4 O-O 7. exd5 Nxd5 8. Nc3
Ne7 9. Re1 Nbc6 10. Rb1 a5 11. a4 h6 12. Nb5 Re8 13. b3 Nf5 14. Bb2 Bd7 15. Nd2
Rb8 16. Nc4 b6 17. Qd2 Ncd4 18. Bxd4 Nxd4 19. Nxd4 exd4 1/2-1/2

[Event "TCh-FRA Top 12 2016"]
[Site "Drancy FRA"]
[Date "2016.06.01"]
[Round "5.1"]
[Board "2"]
[White "Vachier-Lagrave, Maxime"]
[Black "Komarov, Dimitri"]
[Result "1-0"]
[WhiteTitle "GM"]
[BlackTitle "GM"]
[WhiteElo "2788"]
[BlackElo "2506"]
[WhiteTeam "CLICHY Echecs 92"]
[BlackTeam "Cavalier Bleu DRANCY"]
[WhiteFideId "623539"]
[BlackFideId "14101270"]
[EventDate "2016.05.28"]

1. e4 c5 2. Nf3 Nc6 3. Nc3 e5 4. Bc4 Be7 5. d3 d6 6. O-O Nf6 7. Ng5 O-O 8. f4 h6
9. Nf3 exf4 10. Bxf4 Be6 11. Nd5 Bxd5 12. exd5 Na5 13. Qd2 Nxc4 14. dxc4 Re8 15.
Qd3 Bf8 16. Nd2 Qe7 17. Rf3 Nh5 18. Raf1 Qe2 19. Be3 Qxd3 20. cxd3 f5 21. h3 Nf6
22. Kf2 g6 23. g4 Bg7 24. gxf5 g5 25. Ke2 Re7 26. Kd1 Rae8 27. Bf2 h5 28. Bg3 g4
29. hxg4 hxg4 30. R3f2 Re3 31. Bxd6 Rxd3 32. Kc2 Rxd2+ 33. Rxd2 Ne4 34. f6 Nxd6
35. fxg7 Nxc4 36. Rf8+ Rxf8 37. gxf8=Q+ Kxf8 38. Re2 Kf7 39. Kd3 b5 40. b3 Nd6
41. Ke3 Ke7 42. Kf4+ Kd7 43. Rh2 Kc7 44. Rh7+ Kb6 45. Ke5 Nb7 46. Rg7 c4 47. b4
a5 48. a3 axb4 49. axb4 1-0

[Event "TCh-FRA Top 12 2016"]
[Site "Drancy FRA"]
[Date "2016.06.01"]
[Round "5.1"]
[Board "3"]
[White "Kogan, Arthur"]
[Black "Hamdouchi, Hicham"]
[Result "1/2-1/2"]
[WhiteTitle "GM"]
[BlackTitle "GM"]
[WhiteElo "2528"]
[BlackElo "2585"]
[WhiteTeam "Cavalier Bleu DRANCY"]
[BlackTeam "CLICHY Echecs 92"]
[WhiteFideId "2800802"]
[BlackFideId "9000011"]
[EventDate "2016.05.28"]

1. e4 c5 2. Nf3 Nc6 3. Bb5 g6 4. O-O Bg7 5. Re1 Nf6 6. e5 Nd5 7. Nc3 Nc7 8. Bxc6
dxc6 9. Ne4 Ne6 10. d3 O-O 11. Be3 b6 12. Qd2 f5 13. exf6 exf6 14. Bh6 a5 15.
Bxg7 Kxg7 16. a3 1/2-1/2

[Event "TCh-FRA Top 12 2016"]
[Site "Drancy FRA"]
[Date "2016.06.01"]
[Round "5.1"]
[Board "4"]
[White "Tkachiev, Vladislav"]
[Black "Bijaoui, Manuel"]
[Result "1/2-1/2"]
[WhiteTitle "GM"]
[BlackTitle "IM"]
[WhiteElo "2660"]
[BlackElo "2406"]
[WhiteTeam "CLICHY Echecs 92"]
[BlackTeam "Cavalier Bleu DRANCY"]
[WhiteFideId "618438"]
[BlackFideId "626783"]
[EventDate "2016.05.28"]

1. d4 Nf6 2. Nf3 g6 3. g3 d5 4. Bg2 Bg7 5. c4 c6 6. Qb3 O-O 7. Nc3 Qb6 8. O-O
Ne4 9. cxd5 Nxc3 10. bxc3 Qxb3 11. axb3 cxd5 12. Ne1 Rd8 13. Nd3 Nc6 14. b4 Bg4
15. Re1 a5 16. bxa5 Rxa5 17. Rxa5 Nxa5 18. Nf4 e5 19. dxe5 Bxe5 20. Nxd5 Rxd5
21. Bxd5 Bxc3 22. h3 Bxe1 23. hxg4 Bc3 24. Bg5 b5 25. Bd8 Nc4 26. e3 Kf8 27. Kf1
Ke8 28. Bg5 f6 29. Bf4 g5 30. Bb8 Kd7 31. Ke2 Ba5 32. Kd3 Ne5+ 33. Bxe5 1/2-1/2

[Event "TCh-FRA Top 12 2016"]
[Site "Drancy FRA"]
[Date "2016.06.01"]
[Round "5.1"]
[Board "5"]
[White "McClain, Dylan"]
[Black "Tregubov, Pavel V."]
[Result "0-1"]
[WhiteTitle "FM"]
[BlackTitle "GM"]
[WhiteElo "2312"]
[BlackElo "2593"]
[WhiteTeam "Cavalier Bleu DRANCY"]
[BlackTeam "CLICHY Echecs 92"]
[WhiteFideId "2011794"]
[BlackFideId "4115341"]
[EventDate "2016.05.28"]

1. c4 c5 2. Nf3 Nc6 3. d4 cxd4 4. Nxd4 e6 5. Nc3 Bb4 6. Nb5 Nf6 7. a3 Bxc3+ 8.
Nxc3 d5 9. e3 O-O 10. Be2 Ne5 11. cxd5 exd5 12. O-O a6 13. b3 Qd6 14. h3 Bf5 15.
Bb2 Rad8 16. Qd2 Rfe8 17. Rad1 Qb6 18. b4 Nc4 19. Qc1 Rc8 20. Qa1 Qc6 21. Rc1 b5
22. Rfd1 Red8 23. Bf3 Ne4 24. Bxe4 dxe4 25. Ne2 f6 26. Bd4 Bg6 27. Nf4 Bf7 28.
h4 Qe8 29. Kh2 Ra8 30. Qc3 a5 31. Ra1 h5 32. bxa5 Rxa5 33. Rdb1 Qc6 34. Qb4 Qc7
35. g3 Rda8 36. Ne2 Nxa3 37. Rc1 Nc4 38. Rxa5 Qxa5 39. Qxa5 Rxa5 40. Nc3 b4 41.
Nxe4 b3 42. Rb1 b2 43. Kg2 Bg6 44. f3 Rb5 45. Kf2 Rb3 46. Ke2 Kf7 47. Nd6+ Nxd6
48. Rxb2 Bd3+ 49. Kf2 Rxb2+ 50. Bxb2 f5 51. Bd4 g6 52. Ke1 Ke6 53. Kd2 Ba6 54.
Ba7 Nc4+ 55. Ke1 Ne5 56. Kf2 Bb7 57. e4 fxe4 58. fxe4 Bxe4 59. Ke3 Kf5 60. Bb8
Ng4+ 61. Ke2 Bc6 62. Kd3 Nf6 0-1

[Event "TCh-FRA Top 12 2016"]
[Site "Drancy FRA"]
[Date "2016.06.01"]
[Round "5.1"]
[Board "6"]
[White "Delorme, Axel"]
[Black "Karr, Jean-Philippe"]
[Result "1/2-1/2"]
[WhiteTitle "IM"]
[BlackTitle "IM"]
[WhiteElo "2502"]
[BlackElo "2366"]
[WhiteTeam "CLICHY Echecs 92"]
[BlackTeam "Cavalier Bleu DRANCY"]
[WhiteFideId "632023"]
[BlackFideId "612227"]
[EventDate "2016.05.28"]

1. d4 Nf6 2. c4 g6 3. g3 c6 4. Bg2 d5 5. Qa4 Nfd7 6. cxd5 Nb6 7. Qd1 cxd5 8. Nc3
Bg7 9. e3 O-O 10. Nge2 Nc6 11. O-O Bg4 12. h3 Bxe2 13. Nxe2 e6 14. b3 Nc8 15. a4
Nd6 16. Ba3 Qd7 17. Nf4 Rfc8 18. Nd3 b6 19. g4 Qd8 20. Rc1 Ne7 21. Ne5 Rxc1 22.
Qxc1 Rc8 23. Qb1 Nc6 24. f4 f5 25. Nxc6 Rxc6 26. Rc1 Qc7 27. Rxc6 Qxc6 28. Qc1
Qxc1+ 29. Bxc1 Ne4 30. Kf1 1/2-1/2

[Event "TCh-FRA Top 12 2016"]
[Site "Drancy FRA"]
[Date "2016.06.01"]
[Round "5.1"]
[Board "7"]
[White "Pozdnjakov, Viatcheslav"]
[Black "Barbot, Pierre1"]
[Result "0-1"]
[BlackTitle "IM"]
[WhiteElo "2241"]
[BlackElo "2429"]
[WhiteTeam "Cavalier Bleu DRANCY"]
[BlackTeam "CLICHY Echecs 92"]
[WhiteFideId "4168968"]
[BlackFideId "663727"]
[EventDate "2016.05.28"]

1. d4 Nf6 2. Nf3 e6 3. e3 b6 4. Bd3 Bb7 5. O-O c5 6. c4 Be7 7. Nc3 cxd4 8. exd4
d6 9. a4 O-O 10. a5 bxa5 11. d5 exd5 12. cxd5 Na6 13. Re1 Nb4 14. Bc4 Nd7 15.
Be3 Rc8 16. Nd2 Ne5 17. Qb3 Ba8 18. Bd4 Bg5 19. Be3 Bxe3 20. Rxe3 Nxc4 21. Nxc4
Nxd5 22. Rg3 Re8 23. h3 Nf4 24. Rg4 Nxg2 25. Rxg2 Bxg2 26. Kxg2 Qg5+ 27. Kf1 Qh4
28. Nxd6 Qxh3+ 29. Kg1 Re6 30. Nde4 Rxe4 0-1

[Event "TCh-FRA Top 12 2016"]
[Site "Drancy FRA"]
[Date "2016.06.01"]
[Round "5.1"]
[Board "8"]
[White "Skripchenko, Almira"]
[Black "Barakoff, Annie"]
[Result "1-0"]
[WhiteTitle "IM"]
[WhiteElo "2453"]
[BlackElo "1615"]
[WhiteTeam "CLICHY Echecs 92"]
[BlackTeam "Cavalier Bleu DRANCY"]
[WhiteFideId "13900145"]
[BlackFideId "625876"]
[EventDate "2016.05.28"]

1. e4 c5 2. Nf3 e6 3. d3 d5 4. Nbd2 Nc6 5. g3 Nf6 6. Bg2 Be7 7. O-O O-O 8. Re1
b6 9. e5 Nd7 10. h4 Bb7 11. Nf1 Qc7 12. Bf4 Nd4 13. Nxd4 cxd4 14. Nh2 Rac8 15.
Rc1 Qc5 16. a3 a5 17. Qg4 Rfe8 18. Nf3 Bf8 19. Bg5 Qc7 20. Qxd4 Bc5 21. Qg4 Nf8
22. h5 Be7 23. Bf6 Ng6 24. hxg6 gxf6 25. gxh7+ Kxh7 26. exf6 Bxf6 27. d4 Rg8 28.
Qh5+ Kg7 29. Ne5 Rh8 30. Qg4+ Kf8 31. Re3 Rg8 32. Qh5 Rh8 33. Qf3 Kg7 34. Qg4+
Kf8 35. Qf4 Kg7 36. Rc3 Qe7 37. Qg4+ Kh7 38. Rxc8 Rxc8 39. Bf1 Bg7 40. Bd3+ f5
41. Qh5+ Kg8 42. Re1 Rf8 43. Ng6 Qf6 44. Nxf8 Kxf8 45. c3 Bc6 46. Qe2 Bd7 47.
Bb5 Bc8 48. Qh5 Qf7 49. Qg5 Bf6 50. Qf4 Qb7 51. Kg2 1-0

[Event "TCh-FRA Top 12 2016"]
[Site "Drancy FRA"]
[Date "2016.06.01"]
[Round "5.2"]
[Board "1"]
[White "Baklan, Vladimir"]
[Black "Fier, Alexandr"]
[Result "1/2-1/2"]
[WhiteTitle "GM"]
[BlackTitle "GM"]
[WhiteElo "2614"]
[BlackElo "2624"]
[WhiteTeam "C.E. STRASBOURG"]
[BlackTeam "Echecs Club MONTPELLIER"]
[WhiteFideId "14102196"]
[BlackFideId "2107139"]
[EventDate "2016.05.28"]

1. e4 c5 2. Nf3 d6 3. d4 cxd4 4. Nxd4 Nf6 5. Nc3 a6 6. h3 e6 7. g4 d5 8. exd5
Nxd5 9. Bg2 Bb4 10. Ne2 Nc6 11. O-O Nxc3 12. Nxc3 Qc7 13. Qe2 O-O 14. Qc4 Bd6
15. Be3 Bd7 16. Qxe6 Rfd8 17. Rad1 Be8 18. a4 b5 19. Ne4 1/2-1/2

[Event "TCh-FRA Top 12 2016"]
[Site "Drancy FRA"]
[Date "2016.06.01"]
[Round "5.2"]
[Board "3"]
[White "Rozentalis, Eduardas"]
[Black "Flear, Glenn C"]
[Result "1-0"]
[WhiteTitle "GM"]
[BlackTitle "GM"]
[WhiteElo "2593"]
[BlackElo "2452"]
[WhiteTeam "C.E. STRASBOURG"]
[BlackTeam "Echecs Club MONTPELLIER"]
[WhiteFideId "12800023"]
[BlackFideId "400165"]
[EventDate "2016.05.28"]

1. e4 e5 2. Nc3 Nf6 3. g3 d5 4. exd5 Nxd5 5. Bg2 Nxc3 6. bxc3 Nc6 7. Nf3 Bc5 8.
O-O O-O 9. d3 Bb6 10. a4 Qf6 11. Ng5 h6 12. Ne4 Qg6 13. Ba3 Re8 14. Nc5 Bg4 15.
Qd2 Bxc5 16. Bxc5 Rad8 17. f3 Bc8 18. Qf2 b6 19. Be3 f5 20. Rae1 Qd6 21. Bc1 Ba6
22. Kh1 Ne7 23. a5 Nd5 24. c4 Nf6 25. axb6 axb6 26. Bb2 Bb7 27. Kg1 Nd7 28. Re2
Re7 29. Rfe1 Rde8 30. Ba1 Bc6 31. Qe3 Qg6 32. Qd2 Re6 33. Qc3 h5 34. f4 Bxg2 35.
Kxg2 e4 36. dxe4 Rxe4 37. Rxe4 Rxe4 38. Rxe4 fxe4 39. Qd4 Nf6 40. Qd8+ Kh7 41.
Bxf6 Qg4 42. Kg1 gxf6 43. Qe7+ Kg8 44. Qxe4 h4 45. Kf2 hxg3+ 46. hxg3 c5 47. Qf3
Qc8 48. f5 Kg7 49. Qd5 Qc7 50. Kf3 Qe7 51. Kf2 Qc7 52. c3 Qe7 53. Kf3 Qe1 54.
Qd3 Qe5 55. Kg4 Qe1 56. Qf3 Kh6 57. Kh4 Qd2 58. Qh5+ Kg7 59. Qg6+ Kh8 60. Qxf6+ 1-0

[Event "TCh-FRA Top 12 2016"]
[Site "Drancy FRA"]
[Date "2016.06.01"]
[Round "5.2"]
[Board "4"]
[White "Smith, Axel"]
[Black "Sebag, Marie"]
[Result "1-0"]
[WhiteTitle "GM"]
[BlackTitle "GM"]
[WhiteElo "2499"]
[BlackElo "2490"]
[WhiteTeam "Echecs Club MONTPELLIER"]
[BlackTeam "C.E. STRASBOURG"]
[WhiteFideId "1707930"]
[BlackFideId "617822"]
[EventDate "2016.05.28"]

1. d4 d5 2. c4 c6 3. Nc3 Nf6 4. e3 e6 5. Nf3 Nbd7 6. Bd3 dxc4 7. Bxc4 b5 8. Bd3
Bd6 9. Bd2 Bb7 10. Rc1 Rc8 11. O-O O-O 12. Ne2 e5 13. Ng3 Re8 14. Qc2 exd4 15.
Nxd4 a6 16. Ne4 Nxe4 17. Bxe4 g6 18. h3 Qb6 19. Ne2 c5 20. Bxb7 Qxb7 21. Rcd1 b4
22. Bc1 Bf8 23. b3 c4 24. bxc4 Nb6 25. Qb3 Nxc4 26. Nf4 a5 27. Nd5 Qc6 28. Qb1
Bg7 29. e4 Nd6 30. f3 Nb5 31. Bb2 Qc2 32. Bxg7 Kxg7 33. Qa1+ Nc3 34. a3 b3 35.
Rc1 b2 36. Rxc2 bxa1=Q 37. Rxa1 Nxd5 38. Rxc8 Rxc8 39. exd5 Kf6 40. Rd1 Ke5 41.
d6 Rd8 42. d7 Ke6 43. Re1+ Kf6 44. Rc1 Rxd7 45. Rc5 Rd2 46. Rxa5 h5 47. Ra4 Ra2
48. h4 Kf5 49. Kh2 f6 50. Ra5+ Kf4 51. Kh3 Ra1 52. Ra4+ Ke5 53. Kg3 Ra2 54. Ra8
Kf5 55. Ra5+ Ke6 56. a4 Kd6 57. Ra8 Ke5 58. a5 Kf5 59. a6 Ra1 60. a7 Ra2 61. Kh2
Ra1 62. g3 Ra2+ 63. Kg1 Ra1+ 64. Kf2 Ra4 65. Ke3 Ra1 66. Kd4 Ra5 67. Kc4 Ra1 68.
Kc5 Rc1+ 69. Kd6 Ra1 70. Rc8 1-0